How to respond to a ske[p]tic. (Record no. 8675)

000 -LEADER
fixed length control field 00671nam a2200217 a 4500
001 - CONTROL NUMBER
control field :::00006451$&:&@@
003 - CONTROL NUMBER IDENTIFIER
control field OkBaRHE
005 - DATE AND TIME OF LATEST TRANSACTION
control field 20000607103331.0
008 - FIXED-LENGTH DATA ELEMENTS--GENERAL INFORMATION
fixed length control field s1986 j 000 0 eng u
020 ## - INTERNATIONAL STANDARD BOOK NUMBER
International Standard Book Number 0802477038 (pbk.)
040 ## - CATALOGING SOURCE
Transcribing agency
100 1# - MAIN ENTRY--PERSONAL NAME
Personal name Drummond, Lewis A. and Baxter, Paul R.
245 10 - TITLE STATEMENT
Title How to respond to a ske[p]tic.
260 ## - PUBLICATION, DISTRIBUTION, ETC. (IMPRINT)
Place of publication, distribution, etc Chicago, IL
Name of publisher, distributor, etc Moody Press
Date of publication, distribution, etc c1986
300 ## - PHYSICAL DESCRIPTION
Extent 134 p. ;
Dimensions 22 cm.
650 ## - SUBJECT ADDED ENTRY--TOPICAL TERM
Topical term or geographic name as entry element Apologetics
General subdivision 20th Century
650 ## - SUBJECT ADDED ENTRY--TOPICAL TERM
Topical term or geographic name as entry element Skepticism
700 ## - ADDED ENTRY--PERSONAL NAME
Personal name Baxter, Paul R., 1947- , Joint author.
942 ## - ADDED ENTRY ELEMENTS (KOHA)
Source of classification or shelving scheme
Koha item type Books
Copies
Date checked out Total Checkouts Copy number Date acquired Not for loan Permanent Location Price effective from Barcode Damaged status Date last seen Lost status Full call number Current Location Koha item type Withdrawn status Shelving location Source of classification or shelving scheme
2013-09-20112010-04-14 RHEMA Bible Training College2010-04-146451 2014-01-31 BT 1211 .D78RHEMA Bible Training CollegeBooks General Stacks